[Event "CZE-chT2F 2122"]
[Site "Czech Republic"]
[Date "2021.11.07"]
[Round "2.5"]
[White "Paseka, Matyas"]
[Black "Kubeczka, Ales"]
[Result "1-0"]
[WhiteElo "2007"]
[BlackElo "2028"]
[PlyCount "69"]
[EventDate "2021.10.17"]
[EventType "team-tourn"]
[EventRounds "11"]
[EventCountry "CZE"]
[SourceTitle "EXT 2024"]
[Source "ChessBase"]
[SourceDate "2023.10.10"]
[SourceVersion "1"]
[SourceVersionDate "2023.10.10"]
[SourceQuality "1"]
[WhiteTeam "Frydek Mistek III"]
[BlackTeam "Havirov Slovan"]
[WhiteTeamCountry "CZE"]
[BlackTeamCountry "CZE"]

1. e4 c6 2. d4 d5 3. Nd2 dxe4 4. Nxe4 Nf6 5. Nxf6+ exf6 6. c3 Bd6 7. Bd3 0-0 8. Qc2 Re8+ 9. Ne2 h6 10. Be3 Qa5 11. 0-0 Qc7 12. h3 Nd7 13. Rad1 Nf8 14. Rfe1 Be6 15. c4 Qc8 16. Ng3 Bxg3 17. fxg3 Qc7 18. Qf2 Bd7 19. Kh2 Qa5 20. Bb1 Re6 21. d5 cxd5 22. cxd5 Re5 23. Bd2 Rxe1 24. Bxe1 Qc7 25. Bc3 a5 26. Re1 Qd6 27. Qd4 b6 28. b4 a4 29. b5 Bxb5 30. Bb4 Qd8 31. Qe4 Ng6 32. h4 h5 33. g4 Qc7+ 34. d6 Qc4 35. Qxa8+ 1-0

[Event "CZE-chT2F 1920"]
[Site "Czech Republic"]
[Date "2020.06.27"]
[Round "10.4"]
[White "Vitak, Pavel"]
[Black "Kubeczka, Ales"]
[Result "1-0"]
[WhiteElo "2225"]
[BlackElo "2022"]
[PlyCount "87"]
[EventDate "2019.10.13"]
[EventType "team-tourn"]
[EventRounds "11"]
[EventCountry "CZE"]
[SourceTitle "EXT 2024"]
[Source "ChessBase"]
[SourceDate "2023.10.10"]
[SourceVersion "1"]
[SourceVersionDate "2023.10.10"]
[SourceQuality "1"]
[WhiteTeam "Grygov Proclient"]
[BlackTeam "Havirov Slovan"]
[WhiteTeamCountry "CZE"]
[BlackTeamCountry "CZE"]

1. e4 c6 2. d4 d5 3. Nc3 dxe4 4. Nxe4 Nf6 5. Nxf6+ exf6 6. Nf3 Bd6 7. Bd3 0-0 8. 0-0 Re8 9. h3 Nd7 10. c4 Nf8 11. Qc2 Be6 12. Bf5 Qd7 13. Bxe6 fxe6 14. Be3 Rad8 15. Rfd1 Bb8 16. b4 Ng6 17. a4 Qc7 18. Qb3 Kh8 19. b5 e5 20. g3 e4 21. Ne1 Qc8 22. bxc6 Qxh3 23. Ng2 bxc6 24. Qc2 f5 25. Rab1 Qg4 26. Kf1 f4 27. gxf4 Qh3 28. Kg1 Re6 29. d5 cxd5 30. Rxd5 Rc8 31. Qd1 Ree8 32. Rb7 Nh4 33. Nxh4 Qxh4 34. Rh5 Qf6 35. Rg5 Rcd8 36. Qh5 Re7 37. Bd4 Rxb7 38. Bxf6 gxf6 39. Rb5 Rg7+ 40. Kf1 Bxf4 41. a5 e3 42. Qf3 Rd2 43. fxe3 Be5 44. Rd5 1-0

[Event "CZE-chT2F 1920"]
[Site "Czech Republic"]
[Date "2020.02.23"]
[Round "9.6"]
[White "Kubeczka, Ales"]
[Black "Kana, Pavel"]
[Result "1/2-1/2"]
[WhiteElo "2033"]
[BlackElo "2015"]
[PlyCount "20"]
[EventDate "2019.10.13"]
[EventType "team-tourn"]
[EventRounds "11"]
[EventCountry "CZE"]
[SourceTitle "EXT 2024"]
[Source "ChessBase"]
[SourceDate "2023.10.10"]
[SourceVersion "1"]
[SourceVersionDate "2023.10.10"]
[SourceQuality "1"]
[WhiteTeam "Havirov Slovan"]
[BlackTeam "Karvina"]
[WhiteTeamCountry "CZE"]
[BlackTeamCountry "CZE"]

1. d4 d5 2. Bf4 Nf6 3. e3 c6 4. Bd3 Bg4 5. f3 Bh5 6. c3 e6 7. Ne2 Bg6 8. Bg5 Bxd3 9. Qxd3 Be7 10. Nd2 0-0 1/2-1/2

[Event "CZE-chT2F 1920"]
[Site "Czech Republic"]
[Date "2020.01.26"]
[Round "7.5"]
[White "Pan, Vladimir"]
[Black "Kubeczka, Ales"]
[Result "1/2-1/2"]
[WhiteElo "2013"]
[BlackElo "2030"]
[PlyCount "21"]
[EventDate "2019.10.13"]
[EventType "team-tourn"]
[EventRounds "11"]
[EventCountry "CZE"]
[SourceTitle "EXT 2024"]
[Source "ChessBase"]
[SourceDate "2023.10.10"]
[SourceVersion "1"]
[SourceVersionDate "2023.10.10"]
[SourceQuality "1"]
[WhiteTeam "Vrbno pod Pradedem"]
[BlackTeam "Havirov Slovan"]
[WhiteTeamCountry "CZE"]
[BlackTeamCountry "CZE"]

1. e4 c6 2. d4 d5 3. Nd2 dxe4 4. Nxe4 Nf6 5. Nxf6+ exf6 6. Nf3 Bd6 7. Bc4 0-0 8. 0-0 Nd7 9. Bb3 Re8 10. c4 Nf8 11. Qd3 1/2-1/2

[Event "CZE-chT2F 1920"]
[Site "Czech Republic"]
[Date "2019.10.13"]
[Round "1.7"]
[White "Kubeczka, Ales"]
[Black "Miculka, Petr"]
[Result "1/2-1/2"]
[WhiteElo "2014"]
[BlackElo "2032"]
[PlyCount "123"]
[EventDate "2019.10.13"]
[EventType "team-tourn"]
[EventRounds "11"]
[EventCountry "CZE"]
[SourceTitle "EXT 2024"]
[Source "ChessBase"]
[SourceDate "2023.10.10"]
[SourceVersion "1"]
[SourceVersionDate "2023.10.10"]
[SourceQuality "1"]
[WhiteTeam "Havirov Slovan"]
[BlackTeam "Poruba Slavoj III"]
[WhiteTeamCountry "CZE"]
[BlackTeamCountry "CZE"]

1. d4 Nf6 2. Nf3 g6 3. Bg5 Bg7 4. Nbd2 d5 5. e3 0-0 6. Bd3 c5 7. c3 Nc6 8. 0-0 Bg4 9. h3 Bxf3 10. Nxf3 Re8 11. Qc2 e5 12. dxe5 Nxe5 13. Nxe5 Rxe5 14. Bf4 Re7 15. Rfd1 Qb6 16. Be2 Rd8 17. Qb3 Qe6 18. Bf3 Ne4 19. Bxe4 Qxe4 20. Rd2 h6 21. Rad1 g5 22. Bg3 Red7 23. Qb5 b6 24. a4 f5 25. a5 Qe6 26. axb6 axb6 27. Ra1 d4 28. exd4 f4 29. Re2 Qg6 30. Qb3+ Kh7 31. Bh2 cxd4 32. cxd4 Rxd4 33. Kh1 Rd3 34. Qb4 Qh5 35. Qe4+ Kh8 36. f3 Qf7 37. Bg1 Rd1 38. Rxd1 Rxd1 39. Qe8+ Qxe8 40. Rxe8+ Kh7 41. Re7 Kg6 42. Kh2 Bxb2 43. Bxb6 Bc3 44. Re6+ Kf5 45. Rxh6 Be1 46. g4+ fxg3+ 47. Kg2 Bc3 48. h4 Rd2+ 49. Kg1 Kf4 50. Re6 gxh4 51. Be3+ Kxf3 52. Bxd2 Bxd2 53. Rg6 Be3+ 54. Kh1 Bf4 55. Rg8 Bh6 56. Rg6 Bd2 57. Rg8 Bb4 58. Rg6 Be7 59. Rg7 Bd6 60. Rg6 Be5 61. Rg8 Bf4 62. Rg6 1/2-1/2

[Event "CZE-chT2F 1819"]
[Site "Czech Republic"]
[Date "2019.02.10"]
[Round "8.4"]
[White "Gibiec, Ernest"]
[Black "Kubeczka, Ales"]
[Result "1/2-1/2"]
[WhiteElo "2120"]
[BlackElo "2022"]
[PlyCount "30"]
[EventDate "2018.10.14"]
[EventType "team-tourn"]
[EventRounds "11"]
[EventCountry "CZE"]
[SourceTitle "EXT 2022"]
[Source "ChessBase"]
[SourceDate "2021.10.06"]
[SourceVersion "1"]
[SourceVersionDate "2021.10.06"]
[SourceQuality "1"]
[WhiteTeam "Karvina"]
[BlackTeam "Havirov Slovan"]
[WhiteTeamCountry "CZE"]
[BlackTeamCountry "CZE"]

1. d4 d5 2. c4 c6 3. Nc3 Nf6 4. cxd5 cxd5 5. Bf4 e6 6. e3 Nc6 7. Bd3 Bd7 8. Nf3 Rc8 9. 0-0 a6 10. Ne5 Nxe5 11. Bxe5 Be7 12. Qe2 0-0 13. Rfc1 Bc6 14. a3 Bd6 15. Bxd6 Qxd6 1/2-1/2

[Event "CZE-chT2F 1617"]
[Site "Czech Republic"]
[Date "2016.11.27"]
[Round "4.6"]
[White "Fojtik, Vlastislav"]
[Black "Kubeczka, Ales"]
[Result "1-0"]
[WhiteElo "2073"]
[BlackElo "2031"]
[PlyCount "109"]
[EventDate "2016.10.09"]
[EventType "team-tourn"]
[EventRounds "11"]
[EventCountry "CZE"]
[SourceTitle "EXT 2022"]
[Source "ChessBase"]
[SourceDate "2021.10.06"]
[SourceVersion "1"]
[SourceVersionDate "2021.10.06"]
[SourceQuality "1"]
[WhiteTeam "Vrbno pod Pradedem"]
[BlackTeam "Havirov Slovan"]
[WhiteTeamCountry "CZE"]
[BlackTeamCountry "CZE"]

1. e4 c6 2. Nc3 d5 3. d3 e5 4. Bd2 Nf6 5. g3 Bg4 6. Be2 Bxe2 7. Qxe2 Bd6 8. Nf3 0-0 9. 0-0 Re8 10. Bg5 d4 11. Nd1 c5 12. Nh4 Re6 13. Ng2 Nbd7 14. f4 Be7 15. f5 Rc6 16. Bd2 Rac8 17. g4 Ne8 18. Rf3 c4 19. Rg3 cxd3 20. cxd3 Rc2 21. Ne1 R2c6 22. g5 Bf8 23. Qh5 Qb6 24. Rh3 h6 25. Qg4 Kh7 26. f6 Ndxf6 27. gxf6 Nxf6 28. Qf5+ Kg8 29. Qxe5 Rc5 30. Qg3 Bd6 31. Qg2 Kh7 32. b4 R5c6 33. a3 a5 34. Nb2 axb4 35. axb4 Bxb4 36. Nc4 Rxc4 37. dxc4 Bxd2 38. Qxd2 Nxe4 39. Qf4 Qg6+ 40. Ng2 Rxc4 41. Re1 f5 42. Kh1 Rc5 43. Rf3 Qc6 44. h4 g5 45. hxg5 hxg5 46. Qb8 g4 47. Rb3 b5 48. Ra3 Nf2+ 49. Kg1 Nh3+ 50. Rxh3+ gxh3 51. Re7+ Kh6 52. Qf4+ Kg6 53. Qg3+ Kh6 54. Qh4+ Kg6 55. Nf4# 1-0

[Event "CZE-chT2F 1516"]
[Site "Czech Republic"]
[Date "2016.04.17"]
[Round "11.7"]
[White "Kubeczka, Ales"]
[Black "Smilek, Petr"]
[Result "1/2-1/2"]
[WhiteElo "2032"]
[BlackElo "1985"]
[PlyCount "136"]
[EventDate "2015.10.18"]
[EventType "team-tourn"]
[EventRounds "11"]
[EventCountry "CZE"]
[SourceTitle "EXT 2022"]
[Source "ChessBase"]
[SourceDate "2021.10.06"]
[SourceVersion "1"]
[SourceVersionDate "2021.10.06"]
[SourceQuality "1"]
[WhiteTeam "Havirov Slovan"]
[BlackTeam "Vsetin"]
[WhiteTeamCountry "CZE"]
[BlackTeamCountry "CZE"]

1. Nf3 Nf6 2. c4 g6 3. g3 Bg7 4. Bg2 d6 5. 0-0 0-0 6. d4 c6 7. Nc3 Qa5 8. d5 Qa6 9. Qb3 Nbd7 10. Be3 Ng4 11. Bg5 Re8 12. h3 Nge5 13. Nd2 Nc5 14. Qc2 Nxc4 15. Nxc4 Qxc4 16. dxc6 bxc6 17. Bxc6 Bxh3 18. Rfc1 Qg4 19. Qd2 Ne6 20. Be3 Nd4 21. Bxd4 Bxd4 22. Qf4 Qxf4 23. gxf4 Rab8 24. Bxe8 Rxe8 25. Rd1 Bg7 26. Rd2 Be6 27. Rc1 Bf5 28. e3 Rc8 29. Ne2 Rb8 30. b3 Rb7 31. Nd4 Bg4 32. Rc4 Bf6 33. Rdc2 Kg7 34. Rc7 Rb4 35. R2c4 Rb6 36. Rxa7 e5 37. fxe5 dxe5 38. Nc2 Be6 39. Na3 Rd6 40. Rc1 e4 41. Nc4 Rd3 42. Ra6 Bg4 43. Nd6 Bb2 44. Rb1 Be5 45. Nxe4 Bf5 46. Ra4 h5 47. Rc4 h4 48. Re1 h3 49. b4 Ra3 50. f4 Bb8 51. Re2 Be6 52. Rc3 Ra8 53. a3 Ba7 54. Nc5 Bg4 55. Rb2 Rd8 56. Rc1 Re8 57. Kf2 g5 58. fxg5 Bb8 59. Rd2 Rh8 60. Rh1 h2 61. e4 Kg6 62. Rd3 Kxg5 63. a4 f5 64. exf5 Bxf5 65. Rd5 Kg4 66. a5 Re8 67. b5 Bg3+ 68. Kf1 Re1+ 1/2-1/2

[Event "CZE-chT2F 1516"]
[Site "Czech Republic"]
[Date "2016.04.04"]
[Round "10.27"]
[White "Matejka, Pavel"]
[Black "Kubeczka, Ales"]
[Result "1/2-1/2"]
[WhiteElo "2220"]
[BlackElo "2032"]
[PlyCount "77"]
[EventDate "2015.10.18"]
[EventType "team-tourn"]
[EventRounds "11"]
[EventCountry "CZE"]
[SourceTitle "EXT 2022"]
[Source "ChessBase"]
[SourceDate "2021.10.06"]
[SourceVersion "1"]
[SourceVersionDate "2021.10.06"]
[SourceQuality "1"]
[WhiteTeam "Benesov Dolni"]
[BlackTeam "Havirov Slovan"]
[WhiteTeamCountry "CZE"]
[BlackTeamCountry "CZE"]

1. c4 c6 2. d4 d5 3. e3 Nf6 4. Nc3 Bg4 5. Qb3 Qb6 6. Qxb6 axb6 7. cxd5 Nxd5 8. Nxd5 cxd5 9. Nf3 Nc6 10. Bd2 f6 11. Bb5 e6 12. 0-0 Bd6 13. Rfc1 Kd7 14. Ne1 Rhc8 15. Nd3 Be2 16. f3 Ke7 17. Kf2 Na7 18. Kxe2 Nxb5 19. Rxc8 Rxc8 20. a4 Ra8 21. b3 Na7 22. e4 Nc6 23. Bc3 Rc8 24. h3 Na5 25. Bxa5 bxa5 26. Rc1 Rxc1 27. Nxc1 h5 28. g4 hxg4 29. hxg4 g6 30. Nd3 Bh2 31. exd5 exd5 32. Kf2 Bd6 33. Ke3 g5 34. Ne1 Ke6 35. Kd3 Bg3 36. Nc2 Bf2 37. Kc3 Kd6 38. b4 b6 39. bxa5 1/2-1/2

[Event "CZE-chT2F 1516"]
[Site "Czech Republic"]
[Date "2016.02.21"]
[Round "8.18"]
[White "Kubeczka, Ales"]
[Black "Funiok, Marcel"]
[Result "0-1"]
[WhiteElo "2032"]
[BlackElo "2081"]
[PlyCount "102"]
[EventDate "2015.10.18"]
[EventType "team-tourn"]
[EventRounds "11"]
[EventCountry "CZE"]
[SourceTitle "EXT 2022"]
[Source "ChessBase"]
[SourceDate "2021.10.06"]
[SourceVersion "1"]
[SourceVersionDate "2021.10.06"]
[SourceQuality "1"]
[WhiteTeam "Havirov Slovan"]
[BlackTeam "Havirov Banik"]
[WhiteTeamCountry "CZE"]
[BlackTeamCountry "CZE"]

1. c4 g6 2. g3 Bg7 3. Bg2 c5 4. Nf3 Nc6 5. 0-0 d6 6. Nc3 Nf6 7. d3 0-0 8. h3 Bd7 9. Rb1 Rb8 10. a3 a6 11. Nd5 b5 12. Bg5 Nxd5 13. cxd5 Nd4 14. Nxd4 Bxd4 15. Kh2 a5 16. Bh6 Re8 17. e3 Bh8 18. f4 b4 19. f5 bxa3 20. fxg6 hxg6 21. Qf3 Bf6 22. bxa3 Rxb1 23. Rxb1 Qc7 24. Rf1 Bb5 25. Qe4 c4 26. d4 Rc8 27. Qc2 c3 28. Rb1 Qd7 29. Be4 Ba4 30. Qc1 Qc7 31. Bc2 Bxc2 32. Qxc2 Qc4 33. a4 Qxd5 34. Rb5 Qc4 35. h4 e5 36. dxe5 Bxe5 37. Bf4 Bxf4 38. gxf4 Rc5 39. Rb8+ Kg7 40. Kg3 Qf1 41. Rb1 Qc4 42. Rd1 Qe6 43. Rd3 Qe4 44. Kf2 Qh1 45. Kg3 Qe1+ 46. Kf3 Qf1+ 47. Kg3 Qxd3 48. Qxd3 c2 49. Qd4+ Kg8 50. Qxd6 c1Q 51. Qd8+ Kh7 0-1

[Event "CZE-chT2F 1516"]
[Site "Czech Republic"]
[Date "2016.01.10"]
[Round "5.56"]
[White "Kubeczka, Ales"]
[Black "Kapusta, Petr"]
[Result "0-1"]
[WhiteElo "2032"]
[BlackElo "2156"]
[PlyCount "102"]
[EventDate "2015.10.18"]
[EventType "team-tourn"]
[EventRounds "11"]
[EventCountry "CZE"]
[SourceTitle "EXT 2022"]
[Source "ChessBase"]
[SourceDate "2021.10.06"]
[SourceVersion "1"]
[SourceVersionDate "2021.10.06"]
[SourceQuality "1"]
[WhiteTeam "Havirov Slovan"]
[BlackTeam "Kromeriz Slavia II"]
[WhiteTeamCountry "CZE"]
[BlackTeamCountry "CZE"]

1. c4 Nf6 2. g3 g6 3. Bg2 Bg7 4. Nf3 0-0 5. 0-0 d6 6. Nc3 Nc6 7. b3 a6 8. Bb2 Rb8 9. Rc1 e5 10. d4 Nxd4 11. Nxd4 exd4 12. Qxd4 Ng4 13. Qa7 Be6 14. Bxb7 Qg5 15. Bg2 Qd2 16. Ba1 Bd4 17. Ne4 Qh6 18. Nf6+ Bxf6 19. h3 Bxa1 20. hxg4 Bg7 21. e3 Qg5 22. Qxc7 Qc5 23. Qxc5 dxc5 24. g5 Rfd8 25. Rfd1 Kf8 26. Kf1 Ke7 27. Ke2 h6 28. gxh6 Bxh6 29. Be4 Bg7 30. Bc2 Rh8 31. Be4 Rbd8 32. Bd5 Bxd5 33. cxd5 Kd6 34. Rc4 Rh5 35. Ra4 Ra8 36. e4 Bd4 37. Rd2 Rh2 38. Kf1 a5 39. b4 Rh1+ 40. Kg2 Rb1 41. bxc5+ Bxc5 42. f4 f6 43. Rc2 Rb4 44. Rxb4 axb4 45. Rd2 Ra3 46. Re2 Re3 47. Rxe3 Bxe3 48. Kf3 Bb6 49. Ke2 f5 50. Kd3 Bf2 51. Kc4 fxe4 0-1

[Event "CZE-chT2F 1516"]
[Site "Czech Republic"]
[Date "2015.10.18"]
[Round "1.38"]
[White "Kubeczka, Ales"]
[Black "Smid, Jan Sr"]
[Result "1/2-1/2"]
[WhiteElo "2032"]
[BlackElo "1944"]
[PlyCount "60"]
[EventDate "2015.10.18"]
[EventType "team-tourn"]
[EventRounds "11"]
[EventCountry "CZE"]
[SourceTitle "EXT 2022"]
[Source "ChessBase"]
[SourceDate "2021.10.06"]
[SourceVersion "1"]
[SourceVersionDate "2021.10.06"]
[SourceQuality "1"]
[WhiteTeam "Havirov Slovan"]
[BlackTeam "Stare Mesto II"]
[WhiteTeamCountry "CZE"]
[BlackTeamCountry "CZE"]

1. c4 Nf6 2. g3 g6 3. Bg2 Bg7 4. Nc3 c6 5. d4 d6 6. Nf3 Bf5 7. 0-0 0-0 8. Qb3 Qb6 9. Qxb6 axb6 10. d5 Ne4 11. Nd1 Nc5 12. Nd2 Bh6 13. Nc3 Bg7 14. Nd1 Bh6 15. Ne3 Bd7 16. a3 Bxe3 17. fxe3 cxd5 18. cxd5 Bb5 19. Rf2 Ba4 20. Rf4 b5 21. b4 Nb3 22. Nxb3 Bxb3 23. Bb2 Nd7 24. e4 Ne5 25. Bxe5 dxe5 26. Rf3 Bc4 27. Rc3 Rfc8 28. Rac1 Ra7 29. Re3 Rca8 30. Rcc3 b6 1/2-1/2

[Event "CZE-chT2F 1415"]
[Site "Czech Republic"]
[Date "2015.01.11"]
[Round "5.14"]
[White "Kubeczka, Ales"]
[Black "Frolik, Martin"]
[Result "0-1"]
[WhiteElo "2079"]
[BlackElo "2223"]
[PlyCount "44"]
[EventDate "2014.11.02"]
[EventType "team-tourn"]
[EventRounds "11"]
[EventCountry "CZE"]
[SourceTitle "EXT 2022"]
[Source "ChessBase"]
[SourceDate "2021.10.06"]
[SourceVersion "1"]
[SourceVersionDate "2021.10.06"]
[SourceQuality "1"]
[WhiteTeam "Havirov Slovan"]
[BlackTeam "Trinec II"]
[WhiteTeamCountry "CZE"]
[BlackTeamCountry "CZE"]

1. d4 d5 2. c4 e6 3. Nf3 c5 4. cxd5 exd5 5. Nc3 Nc6 6. g3 Nf6 7. Bg2 Be7 8. 0-0 cxd4 9. Nxd4 0-0 10. Bg5 h6 11. Bxf6 Bxf6 12. e3 Be6 13. Qd3 Qd7 14. Rfd1 Rad8 15. Nce2 Rfe8 16. Rac1 Bg4 17. Rd2 Ne5 18. Qc2 Nc4 19. Rd3 Rc8 20. Qb3 Bxd4 21. Nxd4 Na5 22. Rxc8 Rxc8 0-1

[Event "CZE-chT2F 1415"]
[Site "Czech Republic"]
[Date "2014.11.30"]
[Round "3.14"]
[White "Kubeczka, Ales"]
[Black "Mohapl, Petr"]
[Result "0-1"]
[WhiteElo "2079"]
[BlackElo "2076"]
[PlyCount "90"]
[EventDate "2014.11.02"]
[EventType "team-tourn"]
[EventRounds "11"]
[EventCountry "CZE"]
[SourceTitle "EXT 2022"]
[Source "ChessBase"]
[SourceDate "2021.10.06"]
[SourceVersion "1"]
[SourceVersionDate "2021.10.06"]
[SourceQuality "1"]
[WhiteTeam "Havirov Slovan"]
[BlackTeam "Litovel Tatran II"]
[WhiteTeamCountry "CZE"]
[BlackTeamCountry "CZE"]

1. d4 Nf6 2. c4 e6 3. Nc3 c5 4. d5 exd5 5. cxd5 d6 6. e4 g6 7. Nf3 Bg7 8. Be2 0-0 9. 0-0 a6 10. a4 Bg4 11. Re1 Nbd7 12. Qc2 Re8 13. Bf4 Bxf3 14. Bxf3 Qc7 15. Rac1 Rab8 16. Na2 Ne5 17. Be2 Qb6 18. b4 Rbc8 19. Qb1 Ned7 20. a5 Qc7 21. Nc3 Qb8 22. b5 Bf8 23. bxa6 bxa6 24. f3 Qc7 25. Qa1 Nh5 26. Bd2 Bg7 27. g4 Bd4+ 28. Kg2 Nhf6 29. Bxa6 Rb8 30. Qa4 Rb2 31. Re2 Ne5 32. Nd1 Qa7 33. Bb5 Rxb5 34. Qxb5 Rb8 35. Qa4 Qa6 36. Kf1 Nxf3 37. Qc2 Nxh2+ 38. Ke1 Nf3+ 39. Kf1 Nxe4 40. Be1 Nfd2+ 41. Bxd2 Ng3+ 42. Kg2 Qxe2+ 43. Kxg3 Be5+ 44. Bf4 Bxf4+ 45. Kxf4 Rb4+ 0-1

[Event "Ostrava Konik op"]
[Site "Ostrava"]
[Date "2014.04.27"]
[Round "2"]
[White "Bergloviec, Jan"]
[Black "Kubeczka, Ales"]
[Result "1/2-1/2"]
[WhiteElo "1869"]
[BlackElo "2069"]
[PlyCount "134"]
[EventDate "2014.04.26"]
[EventType "swiss"]
[EventRounds "9"]
[EventCountry "CZE"]
[SourceTitle "CBM 160 Extra"]
[Source "ChessBase"]
[SourceDate "2014.07.01"]
[SourceVersion "1"]
[SourceVersionDate "2014.07.01"]
[SourceQuality "1"]

1. d4 d5 2. Nf3 Nf6 3. c4 c6 4. Nc3 e6 5. Bg5 h6 6. Bxf6 Qxf6 7. e3 g6 8. Ne5 Nd7 9. f4 Nxe5 10. fxe5 Qg5 11. Qf3 Bg7 12. Bd3 Bd7 13. h4 Qe7 14. 0-0 0-0 15. Qg3 h5 16. Qg5 Qxg5 17. hxg5 dxc4 18. Bxc4 c5 19. Ne4 cxd4 20. exd4 Rfd8 21. Nd6 Be8 22. Rad1 Rab8 23. a3 b5 24. Bb3 Rb6 25. Rf2 a5 26. Rc2 a4 27. Ba2 b4 28. axb4 Rxb4 29. Rdd2 Bf8 30. d5 Bxd6 31. exd6 e5 32. Re2 e4 33. Rc4 Rxc4 34. Bxc4 Rxd6 35. Rxe4 Kf8 36. Kf2 Rb6 37. Re2 Bb5 38. Bxb5 Rxb5 39. Rd2 Ke7 40. Ke3 Kd6 41. Ke4 Rb4+ 42. Rd4 Rxb2 43. Rxa4 Re2+ 44. Kf3 Re1 45. Ra7 Kxd5 46. Kf2 Re5 47. Rxf7 Rxg5 48. Ra7 Rf5+ 49. Kg3 Ke5 50. Ra6 Rf6 51. Ra5+ Ke6 52. Kh4 Rf4+ 53. Kg3 Rg4+ 54. Kf3 Kf6 55. g3 Rg5 56. Ra6+ Kg7 57. Ra7+ Kh6 58. Ra8 Rf5+ 59. Kg2 Kg5 60. Kh3 Rb5 61. Ra4 Kf5 62. Rf4+ Ke5 63. Rf8 g5 64. Rh8 Ke4 65. Rxh5 Kf3 66. Rh8 Rf5 67. Ra8 Rb5 1/2-1/2